000 00294nam a22001337a 4500
008 171214b xxu||||| |||| 00| 0 eng d
020 _a0721654703
041 _aeng
080 _a591
100 _a7
101 _aZOO
245 _aCURRENT VETERINARY THERAPY
_cKIRK.R.W
942 _2udc
_cBK
999 _c38899
_d38899